| 000 | 00905cam a2200229 i 4500 | ||
|---|---|---|---|
| 001 | sa 65008593 | ||
| 003 | DLC | ||
| 005 | 20260227112155.0 | ||
| 008 | 880316s1962 ii c 00010 tamo | ||
| 010 | _asa 65008593 //r882 | ||
| 050 | 0 |
_aPL4758.6.A2 _bN37 1962 |
|
| 100 | 0 | 0 | _aNar̲r̲iṇai. |
| 245 | 1 | 0 |
_aEṭṭuttokaiyuḷ on̲r̲ȧkiya Nar̲r̲iṇai nān̲ūru / _cPin̲n̲attūr A. Nārāyaṇacāmi Aiyar el̲utiya uraiyum viḷakkamum ; Po.Vē. Cōmacuntaranār el̲uti ya ilakkaṇakkur̲ippum āyvuraiyum. |
| 250 | _a[3rd rev. ed.] | ||
| 260 | 0 |
_aTirunelvēli : _bTirunelvēlit Ten̲n̲intiya Caivacittānta Nūr̲patippuk Kal̲akam, _c1962. |
|
| 300 |
_a81, 696 p. : _bport. ; _c22 cm. |
||
| 490 | 0 |
_aKal̲aka veḷiyīt̲u ; _v614 |
|
| 500 | _aIn Tamil. | ||
| 650 | 0 |
_aTamil poetry _yTo 1500. |
|
| 600 | 2 | 0 |
_aNarayanaswami Ayyar, P. A., _d1862-1914. |
| 600 | 1 | 0 |
_aSomasundaram, P. V., _d1909- |
| 999 |
_c65716 _d65716 |
||